[Event "Juvenil Lleida_2008_09"]
[Site "?"]
[Date "2008.10.11"]
[Round "1"]
[White "Perez, Jose"]
[Black "Cases, Pau"]
[Result "1-0"]
[WhiteElo "1973"]
[BlackElo "1700"]
[PlyCount "95"]
[EventDate "2008.10.11"]

1. e4 e5 2. Nf3 Nf6 3. Nxe5 Qe7 4. Nf3 Nxe4 5. Qe2 d5 6. h3 c6 7. Nc3 Bf5 8. d3
Nd6 9. Qxe7+ Bxe7 10. Bf4 O-O 11. O-O-O a6 12. Re1 Re8 13. Bxd6 Nd7 14. Rxe7
Rxe7 15. Bxe7 Re8 16. Bd6 h6 17. d4 Nf6 18. Ne5 Ne4 19. Nxe4 Bxe4 20. f3 Bf5
21. Bd3 Be6 22. Re1 Rd8 23. Bc5 Bd7 24. Nxd7 g6 25. Re8+ Rxe8 26. Nf6+ Kg7 27.
Nxe8+ Kg8 28. Nc7 Kg7 29. Bxa6 bxa6 30. Nxa6 Kh7 31. Nb8 h5 32. Nxc6 Kg7 33. a4
Kf6 34. a5 Ke6 35. a6 Kd7 36. a7 Kxc6 37. a8=Q+ Kd7 38. Qxd5+ Kc7 39. Qd6+ Kb7
40. Qb6+ Kc8 41. Bd6 Kd7 42. Qc7+ Ke6 43. c4 Kf6 44. Qe7+ Kg7 45. Be5+ Kh6 46.
h4 Kh7 47. Qxf7+ Kh6 48. Qg7# 1-0

[Event "Juvenil Lleida_2008_09"]
[Site "?"]
[Date "2008.10.11"]
[Round "1"]
[White "Visa, Joel"]
[Black "Ivanov, Dimitri"]
[Result "1-0"]
[WhiteElo "2168"]
[BlackElo "1867"]
[PlyCount "71"]
[EventDate "2008.10.11"]

1. d4 Nf6 2. c4 d5 3. Nc3 Nc6 4. cxd5 Nxd5 5. e4 Nxc3 6. bxc3 g6 7. Bc4 Bg7 8.
Ne2 a6 9. h4 b5 10. Bd3 h5 11. a4 b4 12. Bb2 bxc3 13. Bxc3 Nxd4 14. Bxd4 Bxd4
15. Nxd4 c5 16. Nb3 Be6 17. Bc2 Qb6 18. a5 Qb4+ 19. Qd2 Qc4 20. Nc1 Rd8 21. Ra4
Qb5 22. Qc3 O-O 23. Ra1 Rd4 24. Rb1 Qc4 25. Qxc4 Bxc4 26. Ne2 Bxe2 27. Kxe2 Rc4
28. Bd3 Ra4 29. Ra1 Rd4 30. Rhd1 Rb8 31. Rac1 Rc8 32. Ke3 e5 33. Bc4 Rb8 34.
Rxd4 cxd4+ 35. Kd3 Rb2 36. Rc2 1-0

[Event "Juvenil Lleida_2008_09"]
[Site "?"]
[Date "2008.10.11"]
[Round "1"]
[White "Barbosa, Laia"]
[Black "Grau, Nuria"]
[Result "1-0"]
[WhiteElo "2001"]
[BlackElo "1723"]
[PlyCount "77"]
[EventDate "2008.10.11"]

1. e4 e5 2. Nf3 Nc6 3. Bb5 Nf6 4. O-O Nxe4 5. Re1 Nd6 6. Bxc6 dxc6 7. Rxe5+ Be7
8. Qe1 Be6 9. Nd4 O-O 10. Nxe6 fxe6 11. Rxe6 Bf6 12. Nc3 Re8 13. Rxe8+ Qxe8 14.
Qxe8+ Rxe8 15. Kf1 Nf7 16. d3 Bd4 17. h3 Bxc3 18. bxc3 Nd6 19. Bf4 Kf7 20. Re1
Rxe1+ 21. Kxe1 Kf6 22. Bxd6 cxd6 23. Ke2 Ke5 24. Ke3 c5 25. f4+ Kf5 26. g4+ Ke6
27. f5+ Kd5 28. Kf4 h6 29. h4 c4 30. g5 hxg5+ 31. Kxg5 cxd3 32. cxd3 Ke5 33.
Kg6 b5 34. h5 d5 35. Kxg7 Kxf5 36. h6 a5 37. h7 b4 38. cxb4 axb4 39. h8=Q 1-0

[Event "Juvenil Lleida_2008_09"]
[Site "?"]
[Date "2008.10.11"]
[Round "1"]
[White "Solani, Joel"]
[Black "Ramoneda, Gisela"]
[Result "0-1"]
[WhiteElo "1975"]
[BlackElo "1707"]
[PlyCount "84"]
[EventDate "2008.10.11"]

1. d4 d5 2. Nc3 Nf6 3. Nf3 Bg4 4. Bf4 e6 5. Nb5 Bb4+ 6. c3 Ba5 7. b4 Bb6 8. a4
a6 9. a5 axb5 10. axb6 Rxa1 11. Qxa1 cxb6 12. e3 O-O 13. Bxb5 Ne4 14. Ne5 Bf5
15. f3 Nd6 16. Bd3 f6 17. Bxf5 Nxf5 18. Nd3 g5 19. Bxb8 Qxb8 20. O-O Nxe3 21.
Rc1 Rf7 22. Qa2 Qc8 23. Qa7 Qc6 24. Re1 Nf5 25. g4 Nh4 26. f4 Nf3+ 27. Kf2 Nxe1
28. Kxe1 Qxc3+ 29. Ke2 Qc2+ 30. Ke3 gxf4+ 31. Kxf4 Qxd3 32. Qxb6 e5+ 33. dxe5
fxe5+ 34. Kxe5 Qe3+ 35. Kd6 Rf6+ 36. Kc7 Qe7+ 37. Kb8 Rxb6 38. Ka7 Ra6+ 39. Kb8
Qd8+ 40. Kxb7 Qb6+ 41. Kc8 Ra7 42. h4 Qc7# 0-1

[Event "Juvenil Lleida_2008_09"]
[Site "?"]
[Date "2008.10.11"]
[Round "1"]
[White "Nieto, Francesc"]
[Black "Boldu, Josep"]
[Result "0-1"]
[WhiteElo "2022"]
[BlackElo "1799"]
[PlyCount "136"]
[EventDate "2008.10.11"]

1. e4 e5 2. Nc3 Nf6 3. f4 exf4 4. e5 Ng8 5. Nf3 d6 6. d4 Bg4 7. Bxf4 dxe5 8.
dxe5 Qxd1+ 9. Rxd1 Nc6 10. Bb5 Nge7 11. O-O a6 12. Ba4 b5 13. Bb3 Ng6 14. Bd5
Bc5+ 15. Kh1 Nge7 16. h3 Bf5 17. Bg5 Nxd5 18. Nxd5 Rc8 19. c3 Be6 20. Be3 Bxe3
21. Nxe3 O-O 22. b3 Ne7 23. Nd4 Bd5 24. Nxd5 Nxd5 25. c4 Ne3 26. cxb5 Nxd1 27.
Rxd1 Rfd8 28. Kg1 axb5 29. b4 c5 30. bxc5 Rxc5 31. Kf2 Rxe5 32. Rc1 Red5 33.
Nc6 Rd2+ 34. Ke3 R8d7 35. Na7 g6 36. Nxb5 Rxa2 37. g3 Rb2 38. Nd4 Kg7 39. Rd1
Re7+ 40. Kf3 Ra2 41. Rd3 Rea7 42. Ke4 R2a3 43. Rxa3 Rxa3 44. Ne2 f5+ 45. Kd4
Kf6 46. h4 h6 47. Nc3 g5 48. Nd5+ Kf7 49. hxg5 hxg5 50. Ke5 Rxg3 51. Kxf5 Kg7
52. Nc7 Kh6 53. Ne6 Rf3+ 54. Kg4 Ra3 55. Nc5 Ra8 56. Ne4 Ra4 57. Kf3 Kh5 58.
Nc5 g4+ 59. Kg3 Ra3+ 60. Kg2 Kh4 61. Ne4 Ra2+ 62. Kg1 g3 63. Nc3 Rc2 64. Nd5
Kh3 65. Nf4+ Kg4 66. Nd3 Rd2 67. Ne1 Kh3 68. Kh1 Rd1 0-1

[Event "Juvenil Lleida_2008_09"]
[Site "?"]
[Date "2008.10.11"]
[Round "1"]
[White "Fortuny, Jordi"]
[Black "Coll, Cristina"]
[Result "0-1"]
[WhiteElo "1731"]
[BlackElo "2003"]
[PlyCount "98"]
[EventDate "2008.10.11"]

1. e4 d5 2. exd5 Qxd5 3. Nc3 Qd6 4. Bc4 Nf6 5. Nf3 c6 6. O-O Bg4 7. h3 Bh5 8.
Be2 Nbd7 9. d3 e5 10. Be3 Qc7 11. a3 Be7 12. Qd2 h6 13. Nh4 Bxe2 14. Nxe2 Ng4
15. Nf3 Nxe3 16. Qxe3 f5 17. Qd2 O-O-O 18. b4 g5 19. c4 Rdg8 20. b5 c5 21. a4
h5 22. Nh2 Bd6 23. f3 g4 24. fxg4 hxg4 25. hxg4 fxg4 26. Rf7 g3 27. Nf3 Qd8 28.
Kf1 Qe8 29. Rf5 Rh1+ 30. Nfg1 Qg6 31. Rf3 Rf8 32. Rxf8+ Bxf8 33. Ke1 Qf6 34.
Qe3 e4 35. Qxg3 Qxa1+ 36. Kf2 Qf6+ 37. Ke1 exd3 38. Qxd3 Qh4+ 39. Kd2 Bh6+ 40.
Kc2 Qe1 41. Nf3 Qb1+ 42. Kc3 Bg7+ 43. Kd2 Rd1+ 44. Ke3 Qxd3+ 45. Kf2 Bd4+ 46.
Kg3 Qxe2 47. a5 Qf2+ 48. Kh2 Ne5 49. Nxe5 Qh4# 0-1

[Event "Juvenil Lleida_2008_09"]
[Site "?"]
[Date "2008.10.11"]
[Round "1"]
[White "Ferrer, Jordi"]
[Black "Frances, Oriol"]
[Result "0-1"]
[WhiteElo "1858"]
[BlackElo "2133"]
[PlyCount "102"]
[EventDate "2008.??.??"]

1. e4 d5 2. exd5 Qxd5 3. Nc3 Qa5 4. d4 Nf6 5. Nf3 Bg4 6. Be2 Nbd7 7. Bf4 e6 8.
O-O a6 9. Ne5 Nxe5 10. Bxe5 Bxe2 11. Nxe2 O-O-O 12. c3 Ng4 13. Bg3 h5 14. Nf4
Nf6 15. Nd3 h4 16. Bf4 Nh5 17. Qg4 Nxf4 18. Qxf4 Qh5 19. h3 Bd6 20. Qg4 Qh6 21.
f4 Rdg8 22. Ne5 f5 23. Qg6 Bxe5 24. Qxh6 Bxd4+ 25. cxd4 Rxh6 26. Rad1 c6 27.
Rf2 Rd8 28. Re2 Rd6 29. Kf2 Rh8 30. Rc2 Rhd8 31. Ke3 Rd5 32. b4 a5 33. a3 Kc7
34. Rb2 axb4 35. Rxb4 Ra8 36. a4 Rda5 37. Rdb1 R8a7 38. Ra1 Kc8 39. Kd3 b5 40.
Rc1 Kd7 41. axb5 Rxb5 42. Rbc4 Ra3+ 43. Ke2 Rb2+ 44. Kf1 Raa2 45. Rxc6 Rf2+ 46.
Ke1 Rxg2 47. Rc7+ Ke8 48. Rc8+ Ke7 49. R8c7+ Kd6 50. R7c6+ Kd5 51. R6c5+ Ke4
0-1

[Event "Juvenil Lleida_2008_09"]
[Site "?"]
[Date "2008.10.11"]
[Round "1"]
[White "Monfa Escola, Ramon"]
[Black "Coll, Jordi"]
[Result "1/2-1/2"]
[WhiteElo "1917"]
[BlackElo "2307"]
[PlyCount "154"]
[EventDate "2008.10.11"]

1. d3 e5 2. a3 d5 3. Nf3 Nc6 4. b4 Bd6 5. Bb2 f6 6. Nbd2 Be6 7. e3 Nh6 8. c4
O-O 9. Be2 a5 10. b5 Ne7 11. Qc2 c5 12. a4 dxc4 13. dxc4 Ng6 14. Rd1 Qe7 15.
Ne4 Bc7 16. h3 f5 17. Nc3 e4 18. Nh2 Rad8 19. O-O Qg5 20. Rxd8 Rxd8 21. Rd1 Re8
22. Nd5 Bxd5 23. Rxd5 b6 24. Qd2 Rd8 25. Rd7 Rxd7 26. Qxd7 Qe7 27. Qxe7 Nxe7
28. f4 exf3 29. Nxf3 Nf7 30. Kf2 Ng6 31. g3 Be5 32. Nxe5 Ngxe5 33. e4 fxe4 34.
Ke3 Ng6 35. Kxe4 Ne7 36. h4 Nd6+ 37. Ke5 Ndf5 38. Ke6 Nxg3 39. Kxe7 Nxe2 40.
Kd6 h5 41. Kc6 g5 42. hxg5 Nd4+ 43. Kxb6 h4 44. Kc7 h3 45. b6 h2 46. b7 Nc6 47.
Kxc6 h1=Q+ 48. Kc7 Qh2+ 49. Kc8 Qh3+ 50. Kc7 Qg3+ 51. Kc8 Qg4+ 52. Kc7 Qf4+ 53.
Kc8 Qf8+ 54. Kc7 Qe7+ 55. Kc8 Qe8+ 56. Kc7 Qe7+ 57. Kb6 Qd6+ 58. Ka7 Qc7 59.
Be5 Qd7 60. g6 Kf8 61. Bd6+ Kg7 62. Bxc5 Kxg6 63. Bb6 Kf5 64. c5 Ke6 65. c6
Qxc6 66. b8=Q Qxa4 67. Qg8+ Kd6 68. Qg6+ Kd5 69. Qf5+ Kc4 70. Bxa5 Qb5 71. Qe4+
Kc5 72. Qc2+ Qc4 73. Bb6+ Kb5 74. Qf5+ Ka4 75. Qd7+ Kb3 76. Qd1+ Qc2 77. Qf3+
Qc3 1/2-1/2

[Event "Juvenil Lleida_2008_09"]
[Site "?"]
[Date "2008.10.11"]
[Round "1"]
[White "Solani, Joshua"]
[Black "Rumi, Joel"]
[Result "1-0"]
[WhiteElo "1930"]
[BlackElo "1700"]
[PlyCount "45"]

1. d4 d5 2. c4 dxc4 3. e4 Nf6 4. Nc3 Bg4 5. f3 Bh5 6. Bxc4 Nc6 7. Nge2 e6 8.
O-O Bb4 9. Bg5 O-O 10. e5 h6 11. Bh4 a6 12. exf6 gxf6 13. d5 exd5 14. Nxd5 Be7
15. Nef4 Bg6 16. Nxg6 fxg6 17. Nxe7+ Kh8 18. Nxg6+ Kg7 19. Nxf8 Qxf8 20. Qd7+
Kh8 21. Bd3 Qg8 22. Bxf6+ Qg7 23. Qxg7# 1-0

[Event "Juvenil Lleida_2008_09"]
[Site "?"]
[Date "2008.10.11"]
[Round "1"]
[White "Fumas, Eudal"]
[Black "Mas, Oriol"]
[Result "0-1"]
[WhiteElo "1700"]
[BlackElo "1940"]
[PlyCount "118"]
[EventDate "2008.10.11"]

1. e4 c5 2. Nf3 Nc6 3. Nc3 g6 4. Bc4 Bg7 5. O-O e6 6. d3 Nge7 7. Re1 d6 8. Be3
O-O 9. Qd2 Nd4 10. b4 Nxf3+ 11. gxf3 cxb4 12. d4 bxc3 13. Qxc3 b6 14. Rad1 Bb7
15. Bd3 Qd7 16. Qd2 Rac8 17. c3 Rc7 18. Rc1 Rfc8 19. Bh6 Bxh6 20. Qxh6 Rxc3 21.
Red1 Rxc1 22. Rxc1 Rxc1+ 23. Qxc1 Qc6 24. Qa3 Nc8 25. Qb3 a6 26. Bc4 Kg7 27.
Qc3 Kg8 28. Qb3 d5 29. exd5 exd5 30. Bd3 Qc1+ 31. Kg2 Qg5+ 32. Kf1 Qf4 33. Qa4
Qc1+ 34. Kg2 Qc6 35. Qxc6 Bxc6 36. Bxa6 Nd6 37. Kg3 Nf5+ 38. Kf4 Nxd4 39. Kg3
Nc2 40. Be2 Kf8 41. f4 f5 42. h4 d4 43. f3 Ke7 44. Kg2 Kd6 45. Kg3 Nb4 46. a3
d3 47. axb4 dxe2 48. Kf2 Bxf3 49. Ke1 Kd5 50. b5 Kc5 51. h5 gxh5 52. Kf2 h4 53.
Ke1 h3 54. Kf2 h2 55. Ke1 h1=Q+ 56. Kd2 e1=Q+ 57. Kd3 Qhf1+ 58. Kc2 Qfe2+ 59.
Kb3 Qb1+ 0-1

[Event "Juvenil Lleida_2008_09"]
[Site "?"]
[Date "2008.10.18"]
[Round "2"]
[White "Ramoneda, Gisela"]
[Black "Valera, Alexis"]
[Result "1-0"]
[WhiteElo "1975"]
[BlackElo "1700"]
[PlyCount "45"]
[EventDate "2008.10.13"]
[SourceDate "2008.10.18"]

1. e4 e5 2. Nf3 Nc6 3. Bb5 a6 4. Ba4 Nf6 5. d3 Bc5 6. c3 b5 7. Bb3 Na5 8. Nxe5
Nxb3 9. Qxb3 Qe7 10. d4 d6 11. Nf3 Bg4 12. O-O Nxe4 13. Qd5 Nxc3 14. bxc3 Rb8
15. Re1 Qe6 16. Rxe6+ Bxe6 17. Qe4 O-O 18. Ng5 f5 19. Qxe6+ Kh8 20. Nf7+ Kg8
21. Nh6+ Kh8 22. Qg8+ Rxg8 23. Nf7# 1-0

[Event "Juvenil Lleida_2008_09"]
[Site "?"]
[Date "2008.10.18"]
[Round "2"]
[White "Cases, Pau"]
[Black "Fortuny, Jordi"]
[Result "1/2-1/2"]
[WhiteElo "1700"]
[BlackElo "1731"]
[PlyCount "72"]
[EventDate "2008.10.13"]
[SourceDate "2008.10.18"]

1. e4 e5 2. Nf3 Nc6 3. Bb5 d6 4. Nc3 Bd7 5. O-O Nf6 6. d3 h6 7. b3 a6 8. Bxc6
Bxc6 9. Bb2 Be7 10. Ne2 Qd7 11. a4 b5 12. axb5 axb5 13. Rxa8+ Bxa8 14. Qd2 O-O
15. Nc3 c5 16. h3 Bc6 17. Qe3 b4 18. Ne2 Nh5 19. g4 Nf6 20. Ng3 Nh7 21. Nh5 Ng5
22. Nxg5 Bxg5 23. Qf3 g6 24. Nf6+ Bxf6 25. Qxf6 Qd8 26. Qxd8 Rxd8 27. h4 Ra8
28. h5 g5 29. Ra1 Rxa1+ 30. Bxa1 Kf8 31. Kf1 Ke7 32. Ke2 Ke6 33. Ke3 d5 34.
exd5+ Bxd5 35. c4 Bc6 36. f3 f5 1/2-1/2

[Event "Juvenil Lleida_2008_09"]
[Site "?"]
[Date "2008.10.18"]
[Round "2"]
[White "Grau, Nuria"]
[Black "Torne, Pol"]
[Result "1-0"]
[WhiteElo "1723"]
[BlackElo "1700"]
[PlyCount "27"]
[EventDate "2008.10.13"]
[SourceDate "2008.10.18"]

1. e4 e5 2. Nf3 Nc6 3. Bc4 d6 4. h3 f5 5. d3 Nh6 6. Nc3 fxe4 7. dxe4 a6 8. O-O
Be7 9. Be3 Bd7 10. a3 Rf8 11. Bxh6 gxh6 12. Nd4 Nxd4 13. Qh5+ Rf7 14. Qxf7# 1-0

[Event "Juvenil Lleida_2008_09"]
[Site "?"]
[Date "2008.10.18"]
[Round "2"]
[White "Bobet, Ramon"]
[Black "Ferrer, Jordi"]
[Result "0-1"]
[WhiteElo "1700"]
[BlackElo "1858"]
[PlyCount "58"]
[EventDate "2008.10.13"]
[SourceDate "2008.10.18"]

1. e4 e6 2. Nc3 d5 3. f3 Nf6 4. d4 dxe4 5. fxe4 Bb4 6. Bd2 Qxd4 7. Nb5 Bxd2+ 8.
Qxd2 Qxe4+ 9. Be2 Na6 10. Nf3 O-O 11. Nc3 Qc6 12. Nh4 Nc5 13. Bd3 Qb6 14. Rb1
Bd7 15. O-O Nce4+ 16. Qf2 Nxf2 17. Rxf2 Bc6 18. Be2 Ne4 19. Nxe4 Bxe4 20. Bd3
Bxd3 21. cxd3 Rad8 22. Rd1 Rd5 23. Kf1 Rfd8 24. Rf3 Qb5 25. Kg1 Rxd3 26. Rdxd3
Rxd3 27. b3 Rxf3 28. Nxf3 Qe2 29. Nd4 Qe1# 0-1

[Event "Juvenil Lleida_2008_09"]
[Site "?"]
[Date "2008.10.18"]
[Round "2"]
[White "Orrit, Gerard"]
[Black "Fumas, Eudal"]
[Result "1-0"]
[WhiteElo "1850"]
[BlackElo "1700"]
[PlyCount "71"]
[EventDate "2008.10.13"]
[SourceDate "2008.10.18"]

1. e4 e5 2. Nf3 Nc6 3. Bc4 Nf6 4. Nc3 Bc5 5. d3 O-O 6. Bg5 h6 7. Bh4 a6 8. Nd5
b5 9. Bb3 Be7 10. Nxe7+ Qxe7 11. O-O Bb7 12. Re1 Na5 13. Qd2 Nxb3 14. axb3 d5
15. exd5 Bxd5 16. Nxe5 Rfe8 17. Ng4 Ne4 18. Bxe7 Nxd2 19. Bb4 Nxb3 20. cxb3
Bxb3 21. h3 Red8 22. Re3 Bc2 23. Ra3 Rd4 24. Bc5 Rd5 25. d4 a5 26. Re7 c6 27.
Ne3 Rxc5 28. dxc5 b4 29. Ra1 Bb3 30. Rc7 Ra6 31. Nf5 Bd5 32. Ne7+ Kf8 33. Nxd5
cxd5 34. Rd7 a4 35. Re1 a3 36. Rd8# 1-0

[Event "Juvenil Lleida_2008_09"]
[Site "?"]
[Date "2008.10.18"]
[Round "2"]
[White "Rumi, Joel"]
[Black "Solani, Joel"]
[Result "0-1"]
[WhiteElo "1700"]
[BlackElo "1707"]
[PlyCount "114"]
[EventDate "2008.10.13"]
[SourceDate "2008.10.18"]

1. e4 e5 2. Nf3 Nc6 3. Bc4 h6 4. Nc3 Bc5 5. O-O Nf6 6. Nxe5 Nxe5 7. d4 Nxc4 8.
dxc5 d6 9. b3 Ne5 10. Bf4 O-O 11. b4 b6 12. Bxe5 dxe5 13. Qxd8 Rxd8 14. c6 Ba6
15. b5 Bc8 16. Rad1 Be6 17. Rxd8+ Rxd8 18. a3 Rd2 19. Rc1 Ng4 20. f3 Ne3 21. g3
Nxc2 22. a4 Bb3 23. Rd1 Rxd1+ 24. Nxd1 Bxa4 25. Nc3 Bb3 26. f4 exf4 27. gxf4 g5
28. f5 Kg7 29. Kf2 Kf6 30. Ke2 Ke5 31. Kd3 Ne1+ 32. Ke3 Bc2 33. h3 Ng2+ 34. Kd2
Bxe4 35. f6 Bf5 36. Ke2 Bxh3 37. Kf3 g4+ 38. Kg3 Kxf6 39. Ne2 Ke5 40. Nc3 f5
41. Ne2 f4+ 42. Kh2 f3 43. Ng3 f2 44. Nf1 Nf4 45. Kg3 Nd3 46. Kh2 Bxf1 47. Kg3
Bh3 48. Kh4 f1=Q 49. Kh5 Qf5+ 50. Kxh6 Kd6 51. Kg7 Qe6 52. Kh7 Qf6 53. Kg8 Qe7
54. Kh8 Ke6 55. Kg8 Kf6 56. Kh8 Kg6 57. Kg8 Qg7# 0-1

[Event "Juvenil Lleida_2008_09"]
[Site "?"]
[Date "2008.10.18"]
[Round "2"]
[White "Mas, Oriol"]
[Black "Visa, Joel"]
[Result "0-1"]
[WhiteElo "1940"]
[BlackElo "2168"]
[PlyCount "34"]
[EventDate "2008.10.13"]
[SourceDate "2008.10.18"]

1. e4 c6 2. Nc3 d5 3. Nf3 Bg4 4. h3 Bxf3 5. Qxf3 Nf6 6. e5 Nfd7 7. d4 e6 8. Qg3
Qb6 9. Ne2 c5 10. c3 Nc6 11. dxc5 Bxc5 12. f4 a5 13. Qf3 Ncxe5 14. fxe5 Nxe5
15. Qh5 Nd3+ 16. Kd2 Nxb2 17. Qg5 Be3+ 0-1

[Event "Juvenil Lleida_2008_09"]
[Site "?"]
[Date "2008.10.18"]
[Round "2"]
[White "Ivanov, Dimitri"]
[Black "Monfa, Ramon"]
[Result "0-1"]
[WhiteElo "1867"]
[BlackElo "1917"]
[PlyCount "86"]
[EventDate "2008.10.13"]
[SourceDate "2008.10.18"]

1. d4 d6 2. Nf3 Nf6 3. c4 Nbd7 4. Nc3 c5 5. d5 a6 6. a4 Qc7 7. Qc2 b6 8. g3 Ng4
9. e4 Nge5 10. Nxe5 Nxe5 11. f4 Nf3+ 12. Kf2 Nd4 13. Qd1 g6 14. Be3 Bg7 15. Ne2
Nxe2 16. Qxe2 f5 17. Bh3 fxe4 18. Bxc8 Qxc8 19. Bc1 Bd4+ 20. Kg2 Qf5 21. Re1
Qf6 22. Qxe4 Bxb2 23. Bxb2 Qxb2+ 24. Re2 Qf6 25. Rb1 Kf7 26. Rxb6 Rhb8 27. Qb1
Re8 28. Re6 Qg7 29. Qe4 Kf8 30. Rb7 Rab8 31. Qb1 Rxb7 32. Qxb7 Qc3 33. Qxa6
Qc2+ 34. Kf3 Qd3+ 35. Kf2 Rb8 36. Re2 Qd4+ 37. Kf3 Qd3+ 38. Re3 Qf1+ 39. Kg4
Qd1+ 40. Kh3 Qh5+ 41. Kg2 Rb2+ 42. Kf1 Qd1+ 43. Re1 Qf3+ 0-1

[Event "Juvenil Lleida_2008_09"]
[Site "?"]
[Date "2008.10.18"]
[Round "2"]
[White "Frances, Oriol"]
[Black "Perez, Jose"]
[Result "0-1"]
[WhiteElo "2133"]
[BlackElo "1973"]
[PlyCount "90"]
[EventDate "2008.10.13"]
[SourceDate "2008.10.18"]

1. c4 e5 2. g3 Nc6 3. Bg2 Bc5 4. Nc3 d6 5. Na4 Bb6 6. Nxb6 axb6 7. b3 Nf6 8.
Bb2 O-O 9. a3 Be6 10. e4 Nd4 11. Bxd4 exd4 12. Ne2 c5 13. O-O Nd7 14. f4 f5 15.
exf5 Bxf5 16. Bxb7 Rb8 17. Bf3 Nf6 18. Re1 Re8 19. Nc1 Qd7 20. Na2 Rxe1+ 21.
Qxe1 Re8 22. Qf2 Qe7 23. Bc6 Rc8 24. Re1 Qa7 25. Ba4 Rc7 26. Nc1 Re7 27. Rxe7
Qxe7 28. Bc6 Bg4 29. Bg2 Qe6 30. Kf1 Kf8 31. Qe1 Qf5 32. d3 Bh3 33. Qe2 Ng4 34.
Bxh3 Ne3+ 35. Kg1 Qxh3 36. Qf3 Ng4 37. Qg2 Qh5 38. Qa8+ Ke7 39. Qe4+ Kf6 40. h4
Ne3 41. Kh2 Qd1 42. Qh1 Ng4+ 43. Kg2 Qd2+ 44. Kf3 h5 45. Qg1 Kf5 0-1

[Event "Juvenil Lleida_2008_09"]
[Site "?"]
[Date "2008.10.18"]
[Round "2"]
[White "Coll, Jordi"]
[Black "Nieto, Francesc"]
[Result "1-0"]
[WhiteElo "2307"]
[BlackElo "2022"]
[PlyCount "71"]
[EventDate "2008.10.13"]
[SourceDate "2008.10.18"]

1. e4 c5 2. Nf3 Nc6 3. Bb5 e6 4. O-O Nge7 5. c3 a6 6. Ba4 b5 7. Bc2 Ng6 8. d4
Be7 9. d5 Na5 10. d6 Bf8 11. e5 f5 12. Re1 Bb7 13. Ng5 h5 14. Bxf5 exf5 15. Qd3
Nh4 16. Qh3 Bxg2 17. Qxh4 Bd5 18. Qf4 g6 19. e6 dxe6 20. Qe5 Qxd6 21. Qxh8 Nc6
22. Nh7 O-O-O 23. Nxf8 Rxf8 24. Qg7 f4 25. Nd2 Rf5 26. f3 Ne5 27. Rxe5 Rxe5 28.
Nf1 Rg5+ 29. Kf2 Bc4 30. Nd2 Bd3 31. b3 Re5 32. Ne4 Bxe4 33. Bxf4 Qd3 34. fxe4
Qc2+ 35. Kg1 Qxc3 36. Qxe5 1-0

[Event "Juvenil Lleida_2008_09"]
[Site "?"]
[Date "2008.10.18"]
[Round "2"]
[White "Coll, Cristina"]
[Black "Solani, Joshua"]
[Result "1/2-1/2"]
[WhiteElo "2003"]
[BlackElo "1930"]
[PlyCount "106"]
[EventDate "2008.10.13"]
[SourceDate "2008.10.18"]

1. e4 c5 2. Nf3 Nc6 3. Bb5 d6 4. O-O g6 5. Re1 Bd7 6. c3 Bg7 7. d4 Nf6 8. Nbd2
O-O 9. Nf1 a6 10. Ba4 b5 11. Bc2 Bg4 12. Be3 cxd4 13. cxd4 Qc7 14. Rc1 Rfc8 15.
h3 Bxf3 16. Qxf3 Rab8 17. g4 Qa5 18. Bb3 Nd8 19. Ng3 Rc6 20. Red1 Rxc1 21. Rxc1
e6 22. g5 Nd7 23. h4 Nb6 24. h5 Rc8 25. Rxc8 Nxc8 26. h6 Bh8 27. Qd1 Ne7 28.
Qc2 Ndc6 29. Ne2 Qd8 30. f4 Na5 31. Kf2 Nxb3 32. Qxb3 Qc7 33. Qa3 a5 34. Bd2
Nc6 35. Qc3 Qb6 36. Be3 Qb7 37. a3 b4 38. Qc1 f6 39. Qc4 Nd8 40. d5 fxg5 41.
dxe6 Qe7 42. fxg5 Qxe6 43. Qxe6+ Nxe6 44. axb4 axb4 45. b3 Nc5 46. Bxc5 dxc5
47. Ke3 Kf7 48. Kd3 Be5 49. Kc4 Bd6 50. Ng1 Ke6 51. Nf3 Be7 52. Kb5 Bf8 53. Kc4
Be7 1/2-1/2

[Event "Juvenil Lleida_2008_09"]
[Site "?"]
[Date "2008.10.18"]
[Round "2"]
[White "Boldu, Josep"]
[Black "Barbosa, Laia"]
[Result "1/2-1/2"]
[WhiteElo "1799"]
[BlackElo "2001"]
[PlyCount "140"]
[EventDate "2008.10.13"]
[SourceDate "2008.10.19"]

1. e4 e6 2. Nf3 d5 3. exd5 exd5 4. d4 Nf6 5. Bg5 Be7 6. Be2 O-O 7. O-O Re8 8.
Nbd2 Bg4 9. Re1 Nbd7 10. c3 Rc8 11. Rc1 c5 12. dxc5 Nxc5 13. Nd4 Bxe2 14. Rxe2
Nd3 15. Rb1 h6 16. Bh4 Nf4 17. Re1 Ne4 18. Bxe7 Rxe7 19. Nxe4 Rxe4 20. Qf3 Qh4
21. Nf5 Qg5 22. Rxe4 dxe4 23. Qxe4 Rc4 24. Nd4 Rc7 25. Qf3 Re7 26. g3 Qg6 27.
Rd1 Nh3+ 28. Kg2 Ng5 29. Qf5 Qxf5 30. Nxf5 Re2 31. Rb1 Rd2 32. Kg1 Nh3+ 33. Kg2
Nxf2 34. a3 Nd3+ 35. Kg1 Rxb2 36. Rxb2 Nxb2 37. Nd6 b6 38. Nc8 Nc4 39. Nxa7
Nxa3 40. Nc8 b5 41. Na7 Kf8 42. Kf2 Ke7 43. Ke3 Kd6 44. Kd4 Nc2+ 45. Kd3 Na3
46. Kd4 f6 47. Nc8+ Kd7 48. Nb6+ Kc6 49. Nc8 Nc2+ 50. Kd3 Ne1+ 51. Ke2 Nc2 52.
Ne7+ Kc5 53. Nf5 Kc4 54. Kd2 Na3 55. Nxg7 Nb1+ 56. Kc2 Nxc3 57. Nf5 Na4 58.
Nxh6 b4 59. Nf5 b3+ 60. Kb1 Kc3 61. Nd6 Kd2 62. Nc4+ Kc3 63. Ne3 b2 64. Nd1+
Kb3 65. h4 Nc5 66. Nxb2 Ne6 67. Nd3 Ng7 68. Nf4 Nf5 69. Nh5 Kc4 70. Nxf6 Nxg3
1/2-1/2

[Event "Juvenil Lleida_2008_09"]
[Site "?"]
[Date "2008.10.25"]
[Round "3"]
[White "Fumas, Eudald"]
[Black "Casas, Pau"]
[Result "1-0"]
[WhiteElo "1700"]
[BlackElo "1700"]
[PlyCount "51"]
[EventDate "2008.10.13"]
[SourceDate "2008.10.25"]

1. e4 e5 2. Nf3 Nf6 3. Nxe5 Qe7 4. Nf3 Nxe4 5. Be2 d6 6. O-O Nc6 7. Re1 Be6 8.
Bd3 Nc5 9. Bc4 O-O-O 10. d4 d5 11. Bb5 Qd6 12. dxc5 Qd7 13. Ne5 Qe8 14. Nxc6
bxc6 15. Ba6+ Kb8 16. Qd4 Ka8 17. Qb4 Rb8 18. Qa5 Qd7 19. Rd1 Qe7 20. Bf4 Rxb2
21. c4 g6 22. Be5 dxc4 23. Bxb2 Bg4 24. Qb4 Bc8 25. Bxc8 Qxc5 26. Qb7# 1-0

[Event "Juvenil Lleida_2008_09"]
[Site "?"]
[Date "2008.10.25"]
[Round "3"]
[White "Torne, Pol"]
[Black "Ivanov, Dimitri"]
[Result "0-1"]
[WhiteElo "1700"]
[BlackElo "1867"]
[PlyCount "98"]
[EventDate "2008.10.13"]
[SourceDate "2008.10.25"]

1. e4 d5 2. Nc3 d4 3. Nce2 e5 4. Nf3 Nc6 5. d3 Bg4 6. Ng3 h5 7. Be2 h4 8. Bg5
f6 9. h3 Bxf3 10. Bxf3 hxg3 11. fxg3 fxg5 12. Qd2 Be7 13. a3 Bf6 14. Bg4 Nh6
15. O-O-O Nxg4 16. hxg4 Rxh1 17. Rxh1 g6 18. Rh6 Ne7 19. Qf2 Qd6 20. Qf3 O-O-O
21. Rh7 Rh8 22. Rh3 Rxh3 23. gxh3 Bg7 24. Qf7 Bf6 25. c4 dxc3 26. bxc3 Qxa3+
27. Kd2 Qd6 28. Ke3 Kd7 29. Qh7 a5 30. h4 gxh4 31. gxh4 g5 32. h5 Qe6 33. h6 a4
34. d4 a3 35. d5 Qg8 36. Qxg8 Nxg8 37. h7 Nh6 38. Kd3 a2 39. Kc4 a1=Q 40. Kc5
Qxc3+ 41. Kb5 c6+ 42. Kb6 Qb4+ 43. Ka7 b5 44. Kb7 cxd5 45. exd5 e4 46. Kb6 Nf7
47. Kb7 Nd8+ 48. Kb8 Be5+ 49. Ka8 Qa5# 0-1

[Event "Juvenil Lleida_2008_09"]
[Site "?"]
[Date "2008.10.25"]
[Round "3"]
[White "Valera, Alexis"]
[Black "Orrit, Gerard"]
[Result "0-1"]
[WhiteElo "1700"]
[BlackElo "1850"]
[PlyCount "116"]
[EventDate "2008.10.13"]
[SourceDate "2008.10.25"]

1. e4 e5 2. Nf3 Nc6 3. Bc4 Bc5 4. c3 Nf6 5. d3 a6 6. Bb3 d6 7. Be3 Bxe3 8. fxe3
Bg4 9. O-O O-O 10. h3 Bh5 11. Re1 Re8 12. Nbd2 Qd7 13. Nf1 d5 14. Bc2 Bg6 15.
c4 dxe4 16. dxe4 Qxd1 17. Raxd1 Nxe4 18. Bxe4 Bxe4 19. Kf2 Rad8 20. Ng3 Bg6 21.
b3 h6 22. e4 Nb4 23. a3 Nd3+ 24. Rxd3 Rxd3 25. Rb1 f6 26. a4 c6 27. b4 Bf7 28.
Rc1 Red8 29. Ne2 Ra3 30. a5 Rb3 31. b5 axb5 32. cxb5 Rxb5 33. Ra1 Ra8 34. a6
Rxa6 35. Rxa6 bxa6 36. Nc3 Rb2+ 37. Kg3 Bg6 38. h4 Rb3 39. Ne2 Bxe4 40. Neg1
Bxf3 41. Nxf3 e4 42. Kf2 exf3 43. gxf3 f5 44. Kg3 Kf7 45. Kf4 Kf6 46. Kg3 h5
47. Kf4 g6 48. Kg3 Ke5 49. Kf2 Kf4 50. Ke2 Rxf3 51. Kd2 Rh3 52. Ke2 a5 53. Kf2
Rh2+ 54. Kg1 Ra2 55. Kf1 Ke3 56. Kg1 Kf3 57. Kh1 Kg3 58. Kg1 Ra1# 0-1

[Event "Juvenil Lleida_2008_09"]
[Site "?"]
[Date "2008.10.25"]
[Round "3"]
[White "Fortuny, Jordi"]
[Black "Bobet, Ramon"]
[Result "1/2-1/2"]
[WhiteElo "1731"]
[BlackElo "1700"]
[PlyCount "32"]
[EventDate "2008.10.13"]
[SourceDate "2008.10.25"]

1. e4 c5 2. Nf3 d6 3. Nc3 g6 4. d4 cxd4 5. Qxd4 Nf6 6. e5 Nc6 7. Qe3 Ng4 8. Qd2
Ngxe5 9. Nxe5 dxe5 10. Qxd8+ Nxd8 11. Bc4 Bg7 12. Bg5 Ne6 13. Be3 Nd4 14. O-O-O
O-O 15. h4 Bg4 16. Rd2 Rad8 1/2-1/2